Un nuevo proteccionismo / (Record no. 84234)

MARC details
000 -LEADER
campo de control de longitud fija 00521nam a2200169 i 4500
001 - NÚMERO DE CONTROL
campo de control 84234
003 - IDENTIFICADOR DE NÚMERO DE CONTROL
campo de control ES-MaACL
007 - CAMPO FIJO DE DESCRIPCIÓN FÍSICA--INFORMACIÓN GENERAL
campo de control de longitud fija t|
008 - DATOS DE LONGITUD FIJA--INFORMACIÓN GENERAL
campo de control de longitud fija 041122s1980 sp ||||1| spa d
100 1# - ENTRADA PRINCIPAL--NOMBRE DE PERSONA
Nombre de persona Jeanneney, Jean-Marcel.
9 (RLIN) 66250
245 13 - MENCIÓN DEL TÍTULO
Título Un nuevo proteccionismo /
Mención de responsabilidad, etc. Jean-Marcel Jeanneney ; traducción, Miguel Morán.
260 ## - PUBLICACIÓN, DISTRIBUCIÓN, ETC.
Lugar de publicación, distribución, etc. Madrid :
Nombre del editor, distribuidor, etc. H. Blume,
Fecha de publicación, distribución, etc. [1980]
300 ## - DESCRIPCIÓN FÍSICA
Extensión 151 p. ;
Dimensiones 21 cm.
700 1# - ENTRADA AGREGADA--NOMBRE PERSONAL
Nombre de persona Morán Turina, José Miguel
9 (RLIN) 83126
852 ## - LOCALIZACIÓN
Ubicación ES-MaACL
Número de control de estantería L-3436
Sublocalización o colección R.104201
Holdings
Estatus retirado Estado de pérdida Estado de daño No para préstamo Biblioteca de origen Biblioteca actual Ubicación en estantería Fecha de adquisición Fuente de adquisición Total de préstamos Signatura topográfica completa Código de barras Visto por última vez Precio de reemplazo Tipo de ítem Koha
        Biblioteca del Ateneo de Madrid Biblioteca del Ateneo de Madrid Depósito 2 17/01/2008     L-3436 1088034 23/02/2023 23/02/2023 Libro impreso